| 000 | 00522nam a2200157Ia 4500 | ||
|---|---|---|---|
| 008 | 230907s9999||||xx |||||||||||||| ||und|| | ||
| 082 |
_a621.3 _bHAS |
||
| 100 |
_aHassan Zahid Butt (00000172817) _9116429 |
||
| 245 | 0 | _aGrid Connected Single Phase PV System Modeling and Control with Low Voltage Ride through Capability / | |
| 260 |
_aUSPCAS-E, NUST, _bIslamabad : _c2019 |
||
| 300 | _a125 p. | ||
| 520 | _aTH-131 | ||
| 650 | _aMS-EEP Thesis MS Thesis | ||
| 700 |
_aDr Hassan Abdullah Khalid _928912 |
||
| 942 |
_cTHE _2ddc |
||
| 999 |
_c601810 _d601810 |
||